00629cam a22002411 4500001001300000003000400013005001700017008004100034010001700075035002000092040001800112042001200130043001200142050001800154100004100172245002800213260001100241300002200252500001700274504003100291650004800322999001700370sa 67004426 DLC20260227112346.0890807s1966 ii b 000 0 gujo  asa 67004426  a(OCoLC)20138964 aDLCcWaUdDLC apremarc aa-ii---00aPK1850.5b.D41 aDesai, Harshadrai Jhaverilal,d1907-10aŚabdapushpāñjali. c[1966] a8, 151 p.c19 cm. aIn Gujarati. aBibliographical footnotes. 0aGujarati literaturexHistory and criticism. c74470d74470